000 00661nam a22001577a 4500
082 _a823
_bMUR/H
100 _aMURTY, SUDHA
245 _aHOUSE OF CARDS
_bHOUSE OF CARDS
246 _aHOUSE OF CARDS
_bHOUSE OF CARDS
260 _aINDIA
_bPENGUIN BOOKS
_c2007
300 _a232P
520 _a House of Cards by Sudha Murthy is a beautiful story. Mridula, a village girl from Aladahalli gets married to a doctor in Mumbai and both of them start their life in Bangalore in a simple way. Sanjay, her husband establishes his clinic and in due course becomes corrupt. Mridula does not change.
650 _aSTORY
_zINDIA
700 _aMURTHY, SUDHA
942 _cBK
999 _c7324
_d7324